书目信息 |
| 题名: |
红字
|
|
| 作者: | 王若平 主编 | |
| 分册: | ||
| 出版信息: | 北京 航空工业出版社 2007.01 |
|
| 页数: | 293页 | |
| 开本: | 20cm | |
| 丛书名: | ||
| 单 册: | ||
| 中图分类: | H139.4 | |
| 科图分类: | ||
| 主题词: | 汉语--语义 , 汉语--语义学 , 汉语--词汇 , 训诂 | |
| 电子资源: | ||
| ISBN: | 7-81083-513-0 | |
| 000 | 00663nam0 2200241 450 | |
| 001 | 2261682857 | |
| 005 | 20220927171242.35 | |
| 010 | @a7-81083-513-0@dCNY14.80 | |
| 100 | @a20220927d2007 km y0chiy0120 ea | |
| 101 | 0 | @achi |
| 102 | @aCN@b110000 | |
| 102 | @aCN@b110000 | |
| 200 | 1 | @a红字@AHong Zi@f王若平等主编@FWang Ruo Ping Deng Zhu Bian |
| 210 | @a北京@c航空工业出版社@d2007.01 | |
| 215 | @a293页@d20cm | |
| 606 | 0 | @a汉语@x语义 |
| 606 | 0 | @a汉语@x语义学 |
| 606 | 0 | @a汉语@x词汇 |
| 606 | 0 | @a训诂 |
| 690 | @aH139.4@v4 | |
| 701 | 0 | @a王若平@AWang Ruo Ping@4主编 |
| 801 | 0 | @aCN@b大连网信软件有限公司图书馆·11@c20220927 |
| 905 | @aZUCC@dH139.4@eW594 | |
| 红字/王若平等主编.-北京:航空工业出版社,2007.01 |
| 293页;20cm |
| ISBN 7-81083-513-0:CNY14.80 |
| ● |
| 相关链接 |
|
|
|
|
正题名:红字
索取号:H139.4/W594
 
预约/预借
| 序号 | 登录号 | 条形码 | 馆藏地/架位号 | 状态 | 备注 |
| 1 | 1056519 | 210565191 | 密集书库-文学院/ [索取号:H139.4/W594] | 在馆 |